| 000 | 01550cam a22003974a 4500 | ||
|---|---|---|---|
| 001 | 13619501 | ||
| 003 | OSt | ||
| 005 | 20140310182706.0 | ||
| 008 | 040608s2005 njua b 001 0 eng | ||
| 010 | _a 2004053023 | ||
| 020 | _a0471465801 (cloth) | ||
| 040 |
_aDLC _cDLC _dDLC |
||
| 042 | _apcc | ||
| 050 | 0 | 0 |
_aQH 581.2 _b.K18 2005 |
| 082 | 0 | 0 |
_aM 571.621 _bK14 2005 |
| 100 | 1 | _aKarp, Gerald. | |
| 245 | 1 | 0 |
_aCell and molecular biology : _bconcepts and experiments / _cKarp, Gerald |
| 250 | _a4th ed. | ||
| 260 |
_aHoboken, NJ : _bJohn Wiley, _cc2005. |
||
| 300 |
_axxiv, 780, [57] p. : _bill. (chiefly col) ; _c28 cm. |
||
| 500 | _a"Web site password enclosed." | ||
| 504 | _aIncludes bibliographical references and index. | ||
| 521 | _aCollege Students | ||
| 526 | _c1210L-1700L | ||
| 541 | _j1 | ||
| 562 | _eFor circulation. 1 copy available in the collection | ||
| 650 | 0 | _aCytology. | |
| 650 | 0 | _aMolecular biology. | |
| 700 | 1 | _aGeer, Peter van der. | |
| 856 | 4 | 2 |
_3Publisher description _uhttp://www.loc.gov/catdir/description/wiley041/2004053023.html |
| 856 | 4 | 1 |
_3Table of contents _uhttp://www.loc.gov/catdir/toc/wiley041/2004053023.html |
| 856 | 4 | 2 |
_3Contributor biographical information _uhttp://www.loc.gov/catdir/enhancements/fy0708/2004053023-b.html |
| 906 |
_a7 _bcbc _corignew _d1 _eocip _f19 _gy-gencatlg |
||
| 942 |
_2lcc _cBK _kM |
||
| 999 |
_c15213 _d15213 |
||